[Event "DEM U16w 2022"]
[Site "Willingen GER"]
[Date "2022.06.10"]
[Round "8"]
[White "Racky, Selina"]
[Black "Einacker, Anika"]
[Result "1-0"]
[Termination "normal"]
[Board "10"]
[WhiteElo "1424"]
[BlackElo "1160"]
[WhiteClock "00:39:37"]
[BlackClock "00:22:39"]
[PlyCount "89"]
[WhiteFideId "16239440"]
[BlackFideId "34620591"]
[EventCountry "GER"]
[EventRounds "9"]
[EventType "swiss"]
[EventDate "2022.06.04"]

1. e4 {[%clk 1:30:58]} c5 {[%clk 1:30:56]} 2. Nf3 {[%clk 1:31:25]} e6 {[%clk
1:31:21]} 3. d3 {[%clk 1:31:46]} d5 {[%clk 1:29:32]} 4. Nbd2 {[%clk 1:30:18]}
Nf6 {[%clk 1:27:00]} 5. g3 {[%clk 1:30:24]} Nc6 {[%clk 1:26:41]} 6. Bg2 {[%clk
1:30:46]} Be7 {[%clk 1:26:19]} 7. O-O {[%clk 1:31:08]} O-O {[%clk 1:26:40]} 8.
Re1 {[%clk 1:31:29]} b6 {[%clk 1:23:25]} 9. c3 {[%clk 1:29:05]} Bb7 {[%clk
1:20:37]} 10. e5 {[%clk 1:20:27]} Nd7 {[%clk 1:19:08]} 11. Nf1 {[%clk 1:18:50]}
Qc7 {[%clk 1:09:13]} 12. Bf4 {[%clk 1:18:15]} Rac8 {[%clk 1:04:48]} 13. h4
{[%clk 1:18:24]} h6 {[%clk 1:03:12]} 14. N1h2 {[%clk 1:18:10]} Rfd8 {[%clk
1:01:52]} 15. h5 {[%clk 1:11:42]} Nf8 {[%clk 0:58:25]} 16. Ng4 {[%clk 1:06:43]}
d4 {[%clk 0:54:59]} 17. c4 {[%clk 1:02:17]} Nd7 {[%clk 0:45:32]} 18. Qd2 {[%clk
1:00:13]} Bf8 {[%clk 0:45:33]} 19. Ngh2 {[%clk 0:52:54]} Ne7 {[%clk 0:36:42]}
20. g4 {[%clk 0:52:03]} Bxf3 {[%clk 0:36:09]} 21. Nxf3 {[%clk 0:52:09]} a6
{[%clk 0:30:09]} 22. a4 {[%clk 0:51:15]} Rb8 {[%clk 0:29:13]} 23. b3 {[%clk
0:42:13]} Kh8 {[%clk 0:25:07]} 24. Rab1 {[%clk 0:33:26]} b5 {[%clk 0:24:00]}
25. Bg3 {[%clk 0:26:26]} bxc4 {[%clk 0:22:08]} 26. bxc4 {[%clk 0:22:52]} Ng8
{[%clk 0:21:38]} 27. Qc2 {[%clk 0:19:42]} Rxb1 {[%clk 0:19:19]} 28. Rxb1 {[%clk
0:19:57]} Rb8 {[%clk 0:18:54]} 29. Rxb8 {[%clk 0:15:29]} Qxb8 {[%clk 0:18:10]}
30. a5 {[%clk 0:14:48]} Qb4 {[%clk 0:17:11]} 31. Qd2 {[%clk 0:14:56]} Qxd2
{[%clk 0:16:21]} 32. Nxd2 {[%clk 0:14:51]} Nb8 {[%clk 0:14:15]} 33. Nb3 g6
{[%clk 0:12:45]} 34. hxg6 {[%clk 0:15:02]} fxg6 {[%clk 0:13:05]} 35. Bb7 {[%clk
0:14:39]} Kg7 {[%clk 0:12:46]} 36. f4 {[%clk 0:14:07]} Be7 {[%clk 0:07:49]} 37.
Kf2 {[%clk 0:12:37]} Kf7 {[%clk 0:07:25]} 38. f5 {[%clk 0:11:45]} gxf5 {[%clk
0:07:23]} 39. gxf5 {[%clk 0:12:07]} h5 {[%clk 0:05:56]} 40. f6 {[%clk 0:10:06]}
Bf8 {[%clk 0:05:19]} 41. Bf4 {[%clk 0:08:55]} Kg6 {[%clk 0:03:52]} 42. Be4+
{[%clk 0:09:00]} Kf7 {[%clk 0:00:54]} 43. Kg3 {[%clk 0:09:15]} Nxf6 {[%clk
0:22:18]} 44. exf6 {[%clk 0:39:12]} Kxf6 {[%clk 0:22:39]} 45. Bxb8 {[%clk
0:39:37]} 1-0

[Event "DEM U16w 2022"]
[Site "Willingen GER"]
[Date "2022.06.10"]
[Round "8"]
[White "Miriieva, Amina"]
[Black "von Beckh, Frieda"]
[Result "0-1"]
[Termination "normal"]
[Board "11"]
[WhiteElo "1155"]
[BlackElo "1651"]
[WhiteClock "00:57:11"]
[BlackClock "00:59:15"]
[PlyCount "74"]
[WhiteFideId "34154957"]
[BlackFideId "16233751"]
[EventCountry "GER"]
[EventRounds "9"]
[EventType "swiss"]
[EventDate "2022.06.04"]

1. e4 {[%clk 1:30:59]} c5 {[%clk 1:30:57]} 2. c3 {[%clk 1:31:26]} e6 {[%clk
1:31:22]} 3. d4 {[%clk 1:31:38]} d5 {[%clk 1:31:48]} 4. e5 {[%clk 1:31:32]} Qb6
{[%clk 1:32:08]} 5. Bd3 {[%clk 1:30:25]} Bd7 {[%clk 1:32:10]} 6. Qc2 {[%clk
1:27:41]} cxd4 {[%clk 1:27:38]} 7. cxd4 {[%clk 1:26:53]} Nc6 {[%clk 1:25:34]}
8. Be3 {[%clk 1:25:03]} Nb4 {[%clk 1:23:51]} 9. Qd2 {[%clk 1:22:49]} Nxd3+
{[%clk 1:24:11]} 10. Qxd3 {[%clk 1:22:52]} Qxb2 {[%clk 1:24:25]} 11. Qb3 {[%clk
1:18:57]} Bb4+ 12. Kd1 {[%clk 1:17:45]} Qxb3+ {[%clk 1:15:23]} 13. axb3 {[%clk
1:18:02]} Bb5 {[%clk 1:15:02]} 14. Ne2 {[%clk 1:17:03]} Rc8 {[%clk 1:12:15]}
15. Rxa7 {[%clk 1:16:22]} Ba6 {[%clk 1:09:35]} 16. Bd2 {[%clk 1:15:38]} Bxd2
{[%clk 1:09:43]} 17. Kxd2 {[%clk 1:14:50]} Ne7 {[%clk 1:09:56]} 18. Nbc3 {[%clk
1:11:20]} Nc6 {[%clk 1:09:41]} 19. Rxa6 bxa6 {[%clk 1:10:05]} 20. Na4 {[%clk
1:11:18]} O-O {[%clk 1:09:51]} 21. Nc5 {[%clk 1:11:21]} Nxd4 {[%clk 1:10:03]}
22. Nxd4 {[%clk 1:09:28]} Rxc5 {[%clk 1:10:26]} 23. Ra1 {[%clk 1:08:32]} a5
{[%clk 1:10:10]} 24. f4 {[%clk 1:07:35]} Rb8 {[%clk 1:08:12]} 25. g3 {[%clk
1:07:04]} h6 {[%clk 1:08:12]} 26. Ra2 {[%clk 1:05:12]} g5 {[%clk 1:05:13]} 27.
fxg5 {[%clk 1:01:02]} hxg5 {[%clk 1:05:37]} 28. g4 {[%clk 1:01:00]} Kf8 {[%clk
1:03:09]} 29. Rc2 {[%clk 0:59:58]} Rxc2+ {[%clk 1:03:10]} 30. Kxc2 {[%clk
1:00:22]} Rc8+ {[%clk 1:03:16]} 31. Kb2 {[%clk 1:00:13]} a4 {[%clk 1:00:32]}
32. h3 {[%clk 0:58:27]} axb3 {[%clk 1:00:38]} 33. Kxb3 {[%clk 0:58:48]} Rc1
{[%clk 1:00:11]} 34. Nf3 {[%clk 0:58:08]} Rf1 {[%clk 0:59:10]} 35. Nxg5 {[%clk
0:57:53]} Kg7 {[%clk 0:59:30]} 36. h4 {[%clk 0:57:22]} Rf4 {[%clk 0:59:15]} 37.
h5 {[%clk 0:57:11]} Kh6 0-1

[Event "DEM U16w 2022"]
[Site "Willingen GER"]
[Date "2022.06.10"]
[Round "8"]
[White "Dohon, Maria-Johanna"]
[Black "Köpnick, Amanda"]
[Result "1/2-1/2"]
[Termination "normal"]
[Board "12"]
[WhiteElo "1578"]
[BlackElo "1162"]
[WhiteClock "00:10:45"]
[BlackClock "00:37:14"]
[PlyCount "105"]
[WhiteFideId "34600957"]
[BlackFideId "34618538"]
[EventCountry "GER"]
[EventRounds "9"]
[EventType "swiss"]
[EventDate "2022.06.04"]

1. d4 {[%clk 1:30:59]} d5 {[%clk 1:30:50]} 2. c4 {[%clk 1:31:23]} e6 {[%clk
1:31:08]} 3. Nc3 {[%clk 1:31:36]} Nf6 {[%clk 1:31:24]} 4. cxd5 {[%clk 1:32:00]}
exd5 {[%clk 1:31:36]} 5. Bg5 {[%clk 1:32:10]} Nbd7 {[%clk 1:31:46]} 6. Nf3
{[%clk 1:31:34]} Be7 {[%clk 1:31:13]} 7. e3 {[%clk 1:31:39]} c6 {[%clk
1:29:52]} 8. Bd3 {[%clk 1:31:45]} Ne4 {[%clk 1:23:59]} 9. Bxe7 {[%clk 1:25:00]}
Qxe7 {[%clk 1:24:16]} 10. O-O {[%clk 1:23:45]} O-O {[%clk 1:23:59]} 11. Qc2
{[%clk 1:18:20]} Re8 {[%clk 1:23:40]} 12. Rab1 {[%clk 1:17:32]} Nf8 {[%clk
1:23:15]} 13. h3 {[%clk 1:12:37]} Ng6 {[%clk 1:20:52]} 14. Ne2 {[%clk 0:57:20]}
Bd7 {[%clk 1:08:22]} 15. b4 {[%clk 0:55:14]} b5 {[%clk 1:07:57]} 16. a3 {[%clk
0:50:02]} a6 {[%clk 1:07:57]} 17. Nc1 {[%clk 0:49:58]} Qf6 {[%clk 1:02:28]} 18.
Nb3 {[%clk 0:49:15]} Bxh3 {[%clk 1:01:39]} 19. Rbc1 {[%clk 0:46:43]} Rac8
{[%clk 1:00:14]} 20. Qd1 {[%clk 0:46:05]} Bg4 {[%clk 0:59:37]} 21. Na5 {[%clk
0:43:33]} Re6 {[%clk 0:54:12]} 22. a4 {[%clk 0:42:44]} Nh4 {[%clk 0:53:35]} 23.
Be2 {[%clk 0:41:00]} Nxf3+ {[%clk 0:50:20]} 24. Bxf3 {[%clk 0:41:20]} Bxf3
{[%clk 0:50:33]} 25. Qxf3 {[%clk 0:41:19]} Qxf3 {[%clk 0:50:30]} 26. gxf3
{[%clk 0:41:40]} Nd2 {[%clk 0:48:51]} 27. Rfd1 {[%clk 0:41:38]} Nxf3+ {[%clk
0:48:32]} 28. Kg2 {[%clk 0:41:51]} Nh4+ {[%clk 0:48:05]} 29. Kf1 {[%clk
0:41:55]} Ng6 {[%clk 0:47:30]} 30. axb5 {[%clk 0:41:30]} axb5 {[%clk 0:47:52]}
31. Rc2 {[%clk 0:41:38]} Ne7 {[%clk 0:47:39]} 32. Nb7 {[%clk 0:41:38]} h5
{[%clk 0:47:02]} 33. Ke2 {[%clk 0:41:29]} h4 {[%clk 0:46:48]} 34. Nc5 {[%clk
0:40:41]} Rh6 {[%clk 0:46:13]} 35. Rh1 {[%clk 0:40:55]} g5 {[%clk 0:45:59]} 36.
Ra2 {[%clk 0:41:04]} Kg7 {[%clk 0:44:48]} 37. Ra7 {[%clk 0:41:14]} Ng8 {[%clk
0:42:52]} 38. Nd3 {[%clk 0:41:17]} Nf6 {[%clk 0:42:16]} 39. Ne5 {[%clk
0:37:26]} Rf8 {[%clk 0:42:25]} 40. Rg1 {[%clk 0:35:41]} Rh5 {[%clk 0:41:03]}
41. f3 {[%clk 0:35:32]} h3 {[%clk 0:40:43]} 42. Nxc6 {[%clk 0:34:23]} h2 {[%clk
0:40:30]} 43. Rh1 {[%clk 0:34:44]} g4 {[%clk 0:40:38]} 44. fxg4 {[%clk
0:34:20]} Nxg4 {[%clk 0:40:54]} 45. Kf3 {[%clk 0:33:23]} Kh6 {[%clk 0:38:46]}
46. Kxg4 {[%clk 0:25:25]} Rg8+ {[%clk 0:39:05]} 47. Kf4 {[%clk 0:25:45]} Rg1
{[%clk 0:39:19]} 48. Ra1 {[%clk 0:26:03]} Rh4+ {[%clk 0:37:10]} 49. Ke5 {[%clk
0:23:05]} Rh5+ {[%clk 0:36:21]} 50. Kd6 {[%clk 0:17:24]} Rg2 {[%clk 0:36:39]}
51. Kc5 {[%clk 0:13:58]} Rhg5 {[%clk 0:36:53]} 52. Kxb5 {[%clk 0:12:27]} Kg7
{[%clk 0:37:14]} 53. Kc5 {[%clk 0:10:45]} 1/2-1/2

[Event "DEM U16w 2022"]
[Site "Willingen GER"]
[Date "2022.06.11"]
[Round "9"]
[White "Prinzen, Siri Marleen"]
[Black "Buchholz, Maja"]
[Result "0-1"]
[Termination "normal"]
[Board "1"]
[WhiteElo "1744"]
[BlackElo "1939"]
[WhiteClock "00:03:33"]
[BlackClock "00:13:28"]
[PlyCount "140"]
[WhiteFideId "16265912"]
[BlackFideId "16200500"]
[EventCountry "GER"]
[EventRounds "9"]
[EventType "swiss"]
[EventDate "2022.06.04"]

1. d4 {[%clk 1:30:58]} d5 {[%clk 1:30:55]} 2. Nf3 {[%clk 1:30:46]} Nf6 {[%clk
1:31:19]} 3. Nbd2 {[%clk 1:30:43]} c5 {[%clk 1:31:35]} 4. e3 {[%clk 1:30:18]}
Nc6 {[%clk 1:31:44]} 5. c3 {[%clk 1:29:26]} e6 {[%clk 1:31:32]} 6. Ne5 {[%clk
1:26:16]} Bd6 {[%clk 1:31:33]} 7. f4 {[%clk 1:24:24]} Qc7 {[%clk 1:30:06]} 8.
Bd3 {[%clk 1:23:35]} a6 {[%clk 1:28:34]} 9. Ndf3 {[%clk 1:20:37]} O-O {[%clk
1:26:49]} 10. O-O {[%clk 1:19:56]} Ne7 {[%clk 1:26:15]} 11. Bd2 {[%clk
1:18:03]} Bd7 {[%clk 1:22:02]} 12. Be1 {[%clk 1:10:46]} Nf5 {[%clk 1:18:44]}
13. Qe2 {[%clk 1:05:33]} Bb5 {[%clk 1:09:04]} 14. g4 {[%clk 0:59:46]} Bxd3
{[%clk 1:06:01]} 15. Qxd3 {[%clk 0:59:40]} c4 {[%clk 1:03:27]} 16. Qe2 {[%clk
0:57:01]} Ne7 {[%clk 1:03:32]} 17. Nd2 {[%clk 0:51:38]} b5 {[%clk 1:01:21]} 18.
Qg2 {[%clk 0:41:27]} Rab8 {[%clk 0:54:21]} 19. Bh4 {[%clk 0:39:03]} Ne8 {[%clk
0:53:14]} 20. Bxe7 {[%clk 0:37:16]} Bxe7 {[%clk 0:53:25]} 21. e4 {[%clk
0:34:33]} f6 {[%clk 0:50:02]} 22. Nef3 {[%clk 0:32:25]} dxe4 {[%clk 0:46:43]}
23. Nxe4 {[%clk 0:31:04]} Qxf4 {[%clk 0:46:48]} 24. Nfd2 {[%clk 0:26:38]} Qc7
{[%clk 0:41:56]} 25. Qg3 {[%clk 0:24:26]} Qb6 {[%clk 0:36:25]} 26. Kh1 {[%clk
0:20:51]} Nc7 {[%clk 0:35:08]} 27. Rae1 {[%clk 0:16:36]} Rbe8 {[%clk 0:34:14]}
28. h3 {[%clk 0:11:22]} Nd5 {[%clk 0:33:01]} 29. b4 {[%clk 0:09:32]} Qc6 {[%clk
0:29:12]} 30. Qf3 {[%clk 0:06:21]} Bd8 {[%clk 0:19:18]} 31. Nc5 {[%clk
0:04:40]} Bc7 {[%clk 0:19:00]} 32. Re2 {[%clk 0:04:06]} Re7 {[%clk 0:13:16]}
33. Rfe1 {[%clk 0:03:27]} Rfe8 {[%clk 0:13:34]} 34. Kg1 {[%clk 0:03:17]} a5
{[%clk 0:12:14]} 35. a3 {[%clk 0:03:13]} axb4 {[%clk 0:10:28]} 36. axb4 {[%clk
0:03:37]} e5 {[%clk 0:10:00]} 37. Nf1 {[%clk 0:02:10]} Nxb4 {[%clk 0:09:45]}
38. Qxc6 {[%clk 0:01:56]} Nxc6 {[%clk 0:10:10]} 39. d5 {[%clk 0:01:50]} Bb6
{[%clk 0:09:41]} 40. dxc6 {[%clk 0:01:53]} Bxc5+ {[%clk 0:09:58]} 41. Kg2
{[%clk 0:02:15]} Rc8 {[%clk 0:10:16]} 42. Rb1 {[%clk 0:02:22]} Rxc6 {[%clk
0:09:14]} 43. Rxb5 {[%clk 0:02:44]} Rd7 {[%clk 0:08:31]} 44. Nd2 {[%clk
0:02:24]} Bf8 {[%clk 0:07:50]} 45. Ne4 {[%clk 0:01:42]} Kf7 {[%clk 0:07:34]}
46. Rf2 {[%clk 0:30:23]} Ke6 {[%clk 0:37:25]} 47. Ng5+ {[%clk 0:28:17]} fxg5
{[%clk 0:36:04]} 48. Rxf8 {[%clk 0:28:40]} Rd2+ {[%clk 0:33:50]} 49. Kg1 {[%clk
0:27:59]} Ra6 {[%clk 0:33:04]} 50. Rf1 {[%clk 0:21:47]} Raa2 {[%clk 0:31:28]}
51. Re1 {[%clk 0:21:15]} Re2 {[%clk 0:31:07]} 52. Rd1 {[%clk 0:20:50]} Ra6
{[%clk 0:30:20]} 53. Rc5 {[%clk 0:20:02]} Re4 {[%clk 0:30:27]} 54. Kf2 {[%clk
0:19:17]} Rd6 {[%clk 0:28:50]} 55. Ra1 {[%clk 0:18:35]} Rf4+ {[%clk 0:25:32]}
56. Ke2 {[%clk 0:18:03]} Re4+ {[%clk 0:21:23]} 57. Kf2 {[%clk 0:18:13]} Rd2+
{[%clk 0:20:42]} 58. Kf1 {[%clk 0:17:41]} Kd6 {[%clk 0:20:07]} 59. Rc8 {[%clk
0:16:47]} Rf4+ {[%clk 0:19:26]} 60. Ke1 {[%clk 0:16:31]} Rd3 {[%clk 0:18:48]}
61. Ra6+ {[%clk 0:15:27]} Kd5 {[%clk 0:18:43]} 62. Ra5+ {[%clk 0:15:20]} Ke4
{[%clk 0:12:43]} 63. Rxc4+ {[%clk 0:12:31]} Kf3 {[%clk 0:13:06]} 64. Rxf4+
{[%clk 0:12:02]} gxf4 {[%clk 0:12:49]} 65. c4 {[%clk 0:10:00]} e4 {[%clk
0:13:06]} 66. Ra2 {[%clk 0:08:14]} Rc3 {[%clk 0:13:08]} 67. Ra7 {[%clk
0:05:47]} e3 {[%clk 0:13:16]} 68. Kd1 {[%clk 0:04:11]} Rxc4 {[%clk 0:13:01]}
69. Ra3 {[%clk 0:03:29]} Kf2 {[%clk 0:13:03]} 70. Ra2+ {[%clk 0:03:33]} Kf1
{[%clk 0:13:28]} 0-1

[Event "DEM U16w 2022"]
[Site "Willingen GER"]
[Date "2022.06.11"]
[Round "9"]
[White "Pohle, Saskia"]
[Black "Sereda, Yaroslava"]
[Result "1/2-1/2"]
[Termination "normal"]
[Board "2"]
[WhiteElo "1827"]
[BlackElo "1698"]
[WhiteClock "00:12:06"]
[BlackClock "00:01:34"]
[PlyCount "113"]
[WhiteFideId "16201604"]
[BlackFideId "14178940"]
[EventCountry "GER"]
[EventRounds "9"]
[EventType "swiss"]
[EventDate "2022.06.04"]

1. e4 {[%clk 1:30:59]} c5 {[%clk 1:30:53]} 2. Nf3 {[%clk 1:31:24]} Nc6 {[%clk
1:31:15]} 3. d4 {[%clk 1:31:49]} cxd4 {[%clk 1:31:39]} 4. Nxd4 {[%clk 1:32:14]}
g6 {[%clk 1:31:50]} 5. Nc3 {[%clk 1:32:37]} Bg7 {[%clk 1:31:54]} 6. Be3 {[%clk
1:32:58]} Nf6 {[%clk 1:31:59]} 7. Bc4 {[%clk 1:33:17]} O-O {[%clk 1:32:06]} 8.
Bb3 {[%clk 1:33:41]} a6 {[%clk 1:32:15]} 9. f3 {[%clk 1:33:39]} Qc7 {[%clk
1:30:14]} 10. Qd2 {[%clk 1:32:23]} b5 {[%clk 1:28:30]} 11. O-O-O {[%clk
1:28:54]} Bb7 {[%clk 1:24:33]} 12. Kb1 {[%clk 1:26:31]} Rfc8 {[%clk 1:09:14]}
13. g4 {[%clk 1:19:45]} e6 {[%clk 1:05:30]} 14. h4 {[%clk 1:10:02]} h5 {[%clk
1:03:28]} 15. Rdg1 {[%clk 0:53:06]} Na5 {[%clk 0:52:01]} 16. gxh5 {[%clk
0:46:29]} Nxh5 {[%clk 0:51:59]} 17. Bh6 {[%clk 0:46:04]} Nxb3 {[%clk 0:44:09]}
18. cxb3 {[%clk 0:46:23]} b4 {[%clk 0:40:55]} 19. Nce2 {[%clk 0:44:32]} d5
{[%clk 0:25:26]} 20. Bxg7 {[%clk 0:39:22]} Nxg7 {[%clk 0:22:52]} 21. exd5
{[%clk 0:26:03]} e5 {[%clk 0:21:22]} 22. Nc6 {[%clk 0:23:35]} Bxc6 {[%clk
0:20:37]} 23. dxc6 {[%clk 0:23:48]} Qxc6 {[%clk 0:19:16]} 24. Qd3 {[%clk
0:20:58]} Rd8 {[%clk 0:18:03]} 25. Qe3 {[%clk 0:19:46]} Rac8 {[%clk 0:16:24]}
26. Rc1 {[%clk 0:18:00]} Qd5 {[%clk 0:13:55]} 27. Qe4 {[%clk 0:12:53]} Rxc1+
{[%clk 0:10:10]} 28. Nxc1 {[%clk 0:12:21]} Qxe4+ {[%clk 0:08:06]} 29. fxe4
{[%clk 0:12:43]} Rd4 {[%clk 0:08:02]} 30. Re1 {[%clk 0:12:57]} Ne6 {[%clk
0:07:45]} 31. Kc2 {[%clk 0:12:16]} Nc5 {[%clk 0:07:04]} 32. a3 {[%clk 0:11:47]}
a5 {[%clk 0:06:18]} 33. Re3 {[%clk 0:10:03]} Kg7 {[%clk 0:03:38]} 34. Ne2
{[%clk 0:06:59]} Rxe4 {[%clk 0:03:14]} 35. Rxe4 {[%clk 0:07:14]} Nxe4 {[%clk
0:03:37]} 36. Kd3 {[%clk 0:07:31]} f5 {[%clk 0:03:28]} 37. Ke3 {[%clk 0:05:45]}
Nc5 {[%clk 0:03:13]} 38. Nc1 {[%clk 0:05:15]} Kh6 {[%clk 0:02:48]} 39. axb4
{[%clk 0:03:50]} axb4 {[%clk 0:03:10]} 40. Na2 {[%clk 0:03:38]} Nxb3 {[%clk
0:02:35]} 41. Nxb4 {[%clk 0:03:56]} Na5 {[%clk 0:23:30]} 42. Kf2 {[%clk
0:26:11]} e4 {[%clk 0:21:37]} 43. Nd5 {[%clk 0:25:23]} Kh5 {[%clk 0:19:06]} 44.
b4 {[%clk 0:21:35]} Nc4 {[%clk 0:17:38]} 45. Kg3 {[%clk 0:20:16]} Nd6 {[%clk
0:12:51]} 46. Nf6+ {[%clk 0:18:45]} Kh6 {[%clk 0:13:05]} 47. Kf4 {[%clk
0:18:19]} Kg7 {[%clk 0:11:37]} 48. Nd5 {[%clk 0:18:23]} Kf7 {[%clk 0:10:23]}
49. Ke5 {[%clk 0:15:53]} Nb5 {[%clk 0:09:59]} 50. h5 {[%clk 0:14:46]} gxh5
{[%clk 0:05:20]} 51. Kxf5 {[%clk 0:15:03]} Nd6+ {[%clk 0:04:10]} 52. Ke5 {[%clk
0:11:36]} h4 {[%clk 0:02:59]} 53. Nf4 {[%clk 0:11:19]} Ke7 {[%clk 0:02:18]} 54.
Ng6+ {[%clk 0:11:28]} Kd7 {[%clk 0:02:35]} 55. Nxh4 {[%clk 0:11:37]} Kc6 {[%clk
0:01:48]} 56. Nf5 {[%clk 0:11:40]} Nxf5 {[%clk 0:01:34]} 57. Kxe4 {[%clk
0:12:06]} 1/2-1/2

[Event "DEM U16w 2022"]
[Site "Willingen GER"]
[Date "2022.06.11"]
[Round "9"]
[White "Werner, Rosalie"]
[Black "Zöllner, Bente"]
[Result "1-0"]
[Termination "normal"]
[Board "3"]
[WhiteElo "1706"]
[BlackElo "1614"]
[WhiteClock "00:11:26"]
[BlackClock "00:32:03"]
[PlyCount "79"]
[WhiteFideId "16223748"]
[BlackFideId "16230523"]
[EventCountry "GER"]
[EventRounds "9"]
[EventType "swiss"]
[EventDate "2022.06.04"]

1. e4 {[%clk 1:30:57]} c5 {[%clk 1:30:52]} 2. Nf3 {[%clk 1:31:22]} Nc6 {[%clk
1:31:12]} 3. d4 {[%clk 1:31:47]} cxd4 {[%clk 1:31:36]} 4. Nxd4 {[%clk 1:32:12]}
Nf6 {[%clk 1:31:56]} 5. Nc3 {[%clk 1:32:35]} e5 {[%clk 1:32:14]} 6. Ndb5 {[%clk
1:32:59]} d6 {[%clk 1:32:33]} 7. Bg5 {[%clk 1:33:24]} a6 {[%clk 1:32:54]} 8.
Na3 {[%clk 1:33:49]} b5 {[%clk 1:33:15]} 9. Nd5 {[%clk 1:34:15]} Be7 {[%clk
1:33:37]} 10. Bxf6 {[%clk 1:34:41]} Bxf6 {[%clk 1:33:59]} 11. c4 {[%clk
1:35:06]} b4 {[%clk 1:34:08]} 12. Nc2 {[%clk 1:35:30]} O-O {[%clk 1:33:58]} 13.
g3 {[%clk 1:35:53]} Bg5 {[%clk 1:34:00]} 14. h4 {[%clk 1:36:17]} Bh6 {[%clk
1:34:24]} 15. Bh3 {[%clk 1:36:43]} Be6 {[%clk 1:34:34]} 16. Kf1 {[%clk
1:36:48]} Rb8 {[%clk 1:34:27]} 17. b3 {[%clk 1:37:11]} Qd7 {[%clk 1:33:06]} 18.
Bf5 {[%clk 1:36:55]} a5 {[%clk 1:29:17]} 19. Qh5 {[%clk 1:36:29]} Bxf5 {[%clk
1:26:55]} 20. exf5 {[%clk 1:35:44]} Ne7 {[%clk 1:25:21]} 21. Nce3 {[%clk
1:20:58]} Bxe3 {[%clk 1:24:08]} 22. Nxe3 {[%clk 1:21:03]} g6 {[%clk 1:16:22]}
23. fxg6 {[%clk 1:15:26]} fxg6 {[%clk 1:14:00]} 24. Qg5 {[%clk 1:14:53]} Nf5
{[%clk 1:10:18]} 25. Nd5 {[%clk 1:10:29]} Qd8 {[%clk 1:08:36]} 26. Qg4 {[%clk
1:07:02]} Qb6 {[%clk 1:03:40]} 27. Nxb6 {[%clk 1:03:47]} Ne3+ {[%clk 1:02:16]}
28. Ke1 {[%clk 0:52:48]} Nxg4 {[%clk 1:00:50]} 29. Nd7 {[%clk 0:52:48]} Rxf2
{[%clk 0:50:50]} 30. Nxb8 {[%clk 0:51:32]} Rg2 {[%clk 0:50:54]} 31. Nc6 {[%clk
0:40:08]} Ne3 {[%clk 0:47:55]} 32. Ne7+ {[%clk 0:31:48]} Kf7 {[%clk 0:46:47]}
33. Nd5 {[%clk 0:31:43]} Nc2+ {[%clk 0:44:16]} 34. Kf1 {[%clk 0:31:53]} Rd2
{[%clk 0:43:50]} 35. Rc1 {[%clk 0:29:30]} Nd4 {[%clk 0:43:07]} 36. Rg1 {[%clk
0:26:00]} Rxa2 {[%clk 0:39:01]} 37. Rg2 {[%clk 0:22:58]} Ra3 {[%clk 0:38:52]}
38. Rf2+ {[%clk 0:19:59]} Kg7 {[%clk 0:38:28]} 39. c5 {[%clk 0:13:28]} Rxb3
{[%clk 0:32:03]} 40. c6 {[%clk 0:11:26]} 1-0

[Event "DEM U16w 2022"]
[Site "Willingen GER"]
[Date "2022.06.11"]
[Round "9"]
[White "Voigt, Anastasia"]
[Black "Cordes, Jule"]
[Result "0-1"]
[Termination "normal"]
[Board "4"]
[WhiteElo "1665"]
[BlackElo "1841"]
[WhiteClock "00:22:38"]
[BlackClock "00:02:15"]
[PlyCount "120"]
[WhiteFideId "16235223"]
[BlackFideId "1060708"]
[EventCountry "GER"]
[EventRounds "9"]
[EventType "swiss"]
[EventDate "2022.06.04"]

1. e4 {[%clk 1:30:59]} e6 {[%clk 1:30:55]} 2. d4 {[%clk 1:31:23]} d5 {[%clk
1:31:20]} 3. Nd2 {[%clk 1:31:49]} Nf6 {[%clk 1:31:39]} 4. e5 {[%clk 1:32:15]}
Nfd7 {[%clk 1:31:55]} 5. Bd3 {[%clk 1:32:23]} c5 {[%clk 1:32:10]} 6. c3 {[%clk
1:32:44]} Nc6 {[%clk 1:32:28]} 7. Ne2 {[%clk 1:33:08]} cxd4 {[%clk 1:32:41]} 8.
cxd4 {[%clk 1:33:33]} f6 {[%clk 1:32:52]} 9. exf6 {[%clk 1:33:57]} Nxf6 {[%clk
1:33:09]} 10. Nf3 {[%clk 1:34:04]} Bd6 {[%clk 1:33:23]} 11. O-O {[%clk
1:34:19]} Qc7 {[%clk 1:33:37]} 12. Nc3 {[%clk 1:34:24]} a6 {[%clk 1:33:41]} 13.
Bd2 {[%clk 1:34:14]} O-O {[%clk 1:33:42]} 14. h3 {[%clk 1:34:15]} Bd7 {[%clk
1:30:36]} 15. Re1 {[%clk 1:34:31]} Rae8 {[%clk 1:30:19]} 16. Rc1 {[%clk
1:28:04]} Qb8 {[%clk 1:26:20]} 17. a3 {[%clk 1:20:42]} e5 {[%clk 1:21:24]} 18.
dxe5 {[%clk 0:45:04]} Nxe5 {[%clk 1:21:00]} 19. Nxe5 {[%clk 0:43:14]} Bxe5
{[%clk 1:18:54]} 20. Bg5 {[%clk 0:36:22]} Bc6 {[%clk 1:09:44]} 21. Bxf6 {[%clk
0:30:48]} Rxf6 {[%clk 1:04:51]} 22. Rc2 {[%clk 0:29:36]} g6 {[%clk 0:53:41]}
23. Rce2 {[%clk 0:27:24]} Bh2+ {[%clk 0:53:36]} 24. Kh1 {[%clk 0:26:53]} Ref8
{[%clk 0:53:03]} 25. Qd2 {[%clk 0:23:31]} Bf4 {[%clk 0:51:10]} 26. Qd1 {[%clk
0:19:18]} Bd6 {[%clk 0:48:41]} 27. Rf1 {[%clk 0:14:17]} Qa7 {[%clk 0:47:37]}
28. f3 {[%clk 0:11:34]} Qd4 {[%clk 0:45:54]} 29. Qd2 {[%clk 0:08:13]} Qh4
{[%clk 0:45:20]} 30. Qe1 {[%clk 0:08:27]} Qf4 {[%clk 0:45:17]} 31. g4 {[%clk
0:08:10]} Qd4 {[%clk 0:36:15]} 32. Qd1 {[%clk 0:06:36]} Bxa3 {[%clk 0:31:42]}
33. bxa3 {[%clk 0:01:28]} Qxc3 {[%clk 0:31:54]} 34. Ra2 {[%clk 0:01:47]} Rf4
{[%clk 0:12:05]} 35. Be2 {[%clk 0:01:29]} d4 {[%clk 0:11:28]} 36. Kg2 {[%clk
0:01:35]} Bd5 {[%clk 0:07:42]} 37. Ra1 {[%clk 0:01:36]} Re8 {[%clk 0:06:28]}
38. Kg1 {[%clk 0:01:03]} Re3 {[%clk 0:06:13]} 39. Rc1 {[%clk 0:01:03]} Qxa3
{[%clk 0:05:50]} 40. Rc8+ {[%clk 0:01:26]} Kg7 {[%clk 0:04:27]} 41. Qc2 {[%clk
0:29:03]} Rc3 {[%clk 0:25:44]} 42. Rc7+ {[%clk 0:28:54]} Rf7 {[%clk 0:23:52]}
43. Rxf7+ {[%clk 0:28:50]} Kxf7 {[%clk 0:20:20]} 44. Qd2 {[%clk 0:28:42]} d3
{[%clk 0:18:28]} 45. Qf4+ {[%clk 0:27:52]} Kg8 {[%clk 0:17:57]} 46. Bd1 {[%clk
0:27:15]} Rc8 {[%clk 0:14:48]} 47. Qe5 {[%clk 0:25:14]} Qc5+ {[%clk 0:13:22]}
48. Kh2 {[%clk 0:25:23]} Qc7 {[%clk 0:13:29]} 49. Re1 {[%clk 0:24:37]} b5
{[%clk 0:09:38]} 50. Qxc7 {[%clk 0:21:47]} Rxc7 {[%clk 0:10:00]} 51. Re8+
{[%clk 0:22:13]} Kf7 {[%clk 0:09:17]} 52. Rd8 {[%clk 0:22:16]} Bc4 {[%clk
0:09:39]} 53. f4 {[%clk 0:22:23]} b4 {[%clk 0:07:53]} 54. Rb8 {[%clk 0:22:38]}
a5 {[%clk 0:07:41]} 55. Ba4 {[%clk 0:23:00]} Re7 {[%clk 0:05:45]} 56. Ra8
{[%clk 0:22:44]} b3 {[%clk 0:05:06]} 57. Rb8 {[%clk 0:21:55]} d2 {[%clk
0:03:52]} 58. Rd8 {[%clk 0:22:05]} Re2+ {[%clk 0:02:51]} 59. Kg3 {[%clk
0:22:26]} b2 {[%clk 0:02:35]} 60. Rb8 {[%clk 0:22:38]} Re1 {[%clk 0:02:15]} 0-1